000 01102nam a2200301 a 4500
001 000110542
003 CHAP
005 20220329144138.0
008 140909s2014 mx | |sm |||||||spa|d
010 _a107004
011 _a107976
040 _cCHAP
090 _aTesis
100 1 _aLópez Sánchez, Manuel de Jesús
_9128329
245 1 0 _aModelos de crecimiento para describir producción de flor y fruto en calabaza (Cucurbita pepo L.) de semiguia
_h[En línea]
_cpor Manuel de Jesús López Sánchez.
260 _aChapingo, Méx. :
_bEl autor,
_c2014.
500 _aPara ver el contenido del material haga clic en la liga
502 _aTesis (Ing. Agr. Esp. en Fitotecnia) -- UACH. Departamento de Fitotecnia
590 _aBATCH-UPD
_b05
_c20141002
_lUCH01
_h0905
590 _aE792CSJ
_b05
_c20140909
_lUCH01
_h1221
590 _aE792CSJ
_b05
_c20140909
_lUCH01
_h1221
650 1 4 _aCalabaza
_xCrecimiento.
_917266
650 1 4 _aCalabaza
_xFloración.
_917273
856 _aFinding aid
_uhttp://10.13.5.2/tesis/sist110542.pdf
_zTeclea aquí
901 _aBK
942 _cTESIS
942 _n0
999 _c107004
_d107004